000 01099nam0a2200313 4500
001 RU\NLR\BIBL_A\012001420
005 20190522094142.0
010 _a978-5-04-100577-1
_93000
021 _aRU
_bКН-П-19-024103
_9КН-П-19-1821
035 _a(NLR Aleph) 012001420
035 _a(RuMoRGB)009937637
090 _a11406834
_c11406834
100 _a20190426d2019 a y0rusy50 ca
101 1 _arus
_ceng
102 _aRU
105 _ay|||zzzz0|1ay
200 1 _aНочь нежна
_e[роман]
_fФрэнсис Скотт Фицджеральд
_g[перевод с английского С. Ильина]
210 _aМосква
_cЭксмо
_d2019
215 _a509, [1] с.
_d18
225 1 _aPocket book
320 _aДр. произведения авт. на 4-й с. обл.
333 _a16+
686 1 _aШ6(7США)67-440.4{Лх1978-50}
700 1 _aФицджеральд
_bФ. С.
_f1896-1940
_gФрэнсис Скотт
_3RU\NLR\AUTH\774722
942 _cBOOK
980 _aNBR
980 _aNB